Proceedings of the international symposium on direct rolling and hot charging of strand cast billets (Record no. 571741)
[ view plain ]
| 000 -LEADER | |
|---|---|
| fixed length control field | 00668nam a22001817a 4500 |
| 003 - CONTROL NUMBER IDENTIFIER | |
| control field | CEME |
| 005 - DATE AND TIME OF LATEST TRANSACTION | |
| control field | 20210628203002.0 |
| 008 - FIXED-LENGTH DATA ELEMENTS--GENERAL INFORMATION | |
| fixed length control field | 210415b xxu||||| |||| 00| 0 eng d |
| 020 ## - INTERNATIONAL STANDARD BOOK NUMBER | |
| International Standard Book Number | 0-08-036097-8 |
| 040 ## - CATALOGING SOURCE | |
| Transcribing agency | . |
| 082 ## - DEWEY DECIMAL CLASSIFICATION NUMBER | |
| Classification number | 672.2 PRO'J |
| 100 ## - MAIN ENTRY--PERSONAL NAME | |
| Personal name | Pugh, R. W , Jonas, J. J ,Yue, S |
| 9 (RLIN) | 62722 |
| 245 ## - TITLE STATEMENT | |
| Title | Proceedings of the international symposium on direct rolling and hot charging of strand cast billets |
| 260 ## - PUBLICATION, DISTRIBUTION, ETC. | |
| Place of publication, distribution, etc. | NEWYORK |
| Name of publisher, distributor, etc. | PERGMAN |
| Date of publication, distribution, etc. | 1989 |
| 300 ## - PHYSICAL DESCRIPTION | |
| Extent | 272P |
| 650 ## - SUBJECT ADDED ENTRY--TOPICAL TERM | |
| Topical term or geographic name entry element | CASTING PRACTICE AND BILLET QUALITY TEMPRATURE EQUALIZATION METHDS AND EQUIPMENT SURFACE QUALITY AND SENSORS FOR SURFACE QUALITY AND HCR AND DR PROCESSING |
| 9 (RLIN) | 62723 |
| 942 ## - ADDED ENTRY ELEMENTS (KOHA) | |
| Koha item type | Book |
| Source of classification or shelving scheme | |
| Withdrawn status | Lost status | Damaged status | Not for loan | Permanent Location | Current Location | Shelving location | Date acquired | Total Checkouts | Full call number | Barcode | Date last seen | Price effective from | Koha item type |
|---|---|---|---|---|---|---|---|---|---|---|---|---|---|
| College of Electrical & Mechanical Engineering (CEME) | College of Electrical & Mechanical Engineering (CEME) | General Stacks | 07/24/2017 | 672.2 PRO'J | CEME-26034 | 06/28/2021 | 06/28/2021 | Book |
